000 00554nam a2200169 i 4500
001 157241
003 ES-MaACL
005 20230906210628.0
008 931025s1867 fr |||| | fre d
100 1 _aLaugel, Auguste.
_9128735
245 1 4 _aLes probèmes de la vie /
_cpar Auguste Laugel.
260 _aParis [etc.] :
_bGermer Baillière [etc.],
_c1867 (
_fImpr. de E. Martinet)
300 _a168 p. ;
_c18 cm.
700 1 1 _aBaillière, Germer,
_eed.
_9125776
752 _aFrancia -
_dParís
852 _aES-MaACL
_jF-12234
_z-- Enc. pasta española
999 _c157241
_d157241